On This Day: July 31st Quiz Stats

 Plays Quiz Updated Jul 31, 2017

Support Sporcle.
Go Orange.
Score 0/7 Timer 03:00
4 Plays Today
Question Answer Wrong Answers
Fidel Castro hands over power to his brother, ______.
2006
Raúl
81.2%
Ernesto
4.9%
Miguel
5.8%
Fernando
3.6%
The United States and Soviet Union both sign the START, or _______ Arms Reduction Treaty, the first to reduce both countries' stockpiles.
1991
Strategic
81.2%
Secret
2.8%
Special Task
7.9%
Soviet
4.1%
This athlete breaks a record set in 1964 by Larisa Latynina for the most medals won at the Olympics.
2012
Michael Phelps
81.1%
Ian Thorpe
3.5%
Usain Bolt
7.4%
Simone Biles
3.3%
This popular English author, who has also published books under the pen name Robert Galbraith, is born.
1965
J. K. Rowling
65.1%
George R. R. Martin
21.7%
Rick Riordan
7.4%
Stephenie Meyer
3.7%
This English author, famous for his novel ‘Robinson Crusoe’, is placed in a pillory for the crime of seditious libel after publishing a politically satirical pamphlet.
1703
Daniel Defoe
63.4%
Robert Louis Stevenson
29.6%
Charles Dickens
3.6%
Jules Verne
3.3%
Archaeologists discover engraved gold and silver plates from this king, who ruled the First Persian Empire at its peak.
1938
Darius I
42.6%
Nebuchadnezzar II
22.9%
Hammurabi
14%
Alexander the Great
19.4%
The Apollo 15 astronauts become the first to do this on the moon.
1971
Ride in a Lunar Rover
33.3%
Hit a Golf Ball
46.1%
Plant a Flag
14.8%
Leave a Plaque
2.8%

You're not logged in!

Compare scores with friends on all Sporcle quizzes.
OR
Log In
Forgot?

From the Vault

One Team NFL Passing Leaders

by koopa08

Not only successful, these QBs were loyal, too.
Remove Ads.
Support Sporcle.
Get the best of Sporcle when you Go Orange. This ad-free experience offers more features, more stats, and more fun while also helping to support Sporcle. Thank you for becoming a member.

Show Comments

Extras

Top Quizzes Today


Score Distribution

Your Account Isn't Verified!

In order to create a playlist on Sporcle, you need to verify the email address you used during registration. Go to your Sporcle Settings to finish the process.

Report this User

Report this user for behavior that violates our Community Guidelines.

Details: